000 00478nam a2200181Ia 4500
001 16037
003 IN-NITTTR
005 20251114233151.0
008 251113s9999||||xx |||||||||||||| ||eng||
040 _beng
040 _cIN-NITTTR
041 _aeng
082 _a025.04 C66A
100 _aCohen, Elaine
245 0 _aAutomation, space management, and productivity :
_b a guide for libraries. /
_cCohen, Elaine, Cohen, Aaron
700 _a Cohen, Aaron
942 _2ddc
_cBK
999 _c18671
_d18671